| 000 | 01281nam0a22003251 4500 | ||
|---|---|---|---|
| 001 | rc\2826374 | ||
| 005 | 20260525123703.0 | ||
| 035 | _a(NLR Aleph) 006984525 | ||
| 090 |
_a5565633 _c5565633 |
||
| 100 | _a20110624d1928 |||y0rusy50 ca | ||
| 101 | 1 |
_arus _cpol |
|
| 102 | _aRU | ||
| 105 | _ay z ||||| | ||
| 200 | 1 |
_aПобедитель _dZwyciezca _eФантастический роман _fГ. Жулавский, G. Zulawski _gПерев. с польск. С. Михайловой-Штерн |
|
| 205 | _a2-е изд. | ||
| 210 |
_aМосква _cизд-во Пучина _d[1928] MCMXXVIII _eЛенинград _gтип. "Коминтерн" Центр. изд-ва народов СССР |
||
| 215 |
_a379 с., [4] с. объявл. _d18х14 см |
||
| 300 | _aОбложка: В. Твардовский | ||
| 300 | _aПредисловие: С. Михайлова-Штерн | ||
| 316 |
_aЭкз. РНБ (50/65) утрачен в 1946 г. _5NLR |
||
| 510 | 0 | 0 | _aZwyciezca |
| 700 | 1 |
_aЖулавский _bЮ. _f1874-1915 _gЮрий |
|
| 702 | 1 |
_aТвардовский _bВ. _4570 |
|
| 702 | 1 |
_aМихайлова-Штерн _bС. _4080 |
|
| 801 | 0 |
_aRU _bNLR _gpsbo |
|
| 801 | 1 |
_aRU _bELAR _2rusmarc |
|
| 852 |
_aNLR _j50/65 |
||
| 942 | _cBOOK | ||
| 980 | _aNB | ||